000 02654nam a2200217Ia 4500
999 _c29570
_d29570
003 OSt
005 20211206152649.0
008 160316s2011 xxu||||| |||| 00| 0 eng d
020 _a9781138677838
040 _cNLS
082 _a330.954 JHA
100 _aJha Raghbendra
245 _aHandbook of South Asian economics
260 _aLondon
_bRoutledge
_c2011
300 _a327p
_cxvii
365 _b Rs. 11,361
505 _aTable of Contents: 1. Overview of the South Asian Economy and the Volume by Raghbendra Jha; Part 1: Economic Growth 2. India’s Growth in a Long Run Perspective by Bishnupriya Gupta; 3. Five Centuries of Economic Growth in India: The Institutions Perspective by Sambit Bhattacharyya; 4. India’s Two Track Economy: An Exploration into the Dualism of India’s Complex Economic Structure by Rimjhim M. Aggarwal; Part 2: Human Development Issues; 5. Economic Inequality in South Asia Takashi by Kurosaki; 6. The Importance of Education and Literacy Skills: Perspectives from Labour Market and Health in South Asia by Urvashi Dhawan Biswal and Bagala Biswal; 7. Improving Schooling Quality as a Human Development Strategy in India: Challenges and Prospects by Anil B. Deolalikar; 8. Natural Disasters in South Asia by Raghav Gaiha, Kenneth Hill and Ganesh Thapa; Part 3: Monetary and Fiscal Policy Issues 9. Monetary Policy Framework in India: Past, Present, and Future by Takeshi Inoue and Shigeyuki Hamori; 10. Exchange Rate Regimes and Macroeconomic Performance in South Asia by Ashima Goyal; 11. South Asia and the Global Financial Crisis: Impact and Monetary Policy Responses by Rabin Hattari, Mohammad Shahidul Islam and Ramkishen S. Rajan; 12. Fiscal Policies and Challenges in South Asia by Raghbendra Jha; Part 4: Sectoral Issues’ 13. Infrastructure Issues in South Asia by Sanjay Kumar Singh; 14. Prospects of Non-Farm Employment and Welfare in Rural Areas by Simrit Kaur, Vani S. Kulkarni, Raghav Gaiha and Manoj K. Pandey; Part 5: International Trade and Financial Flows; 15. Trade Policies in South Asia by Garry Pursell; 16. Foreign Capital Flows and Development: Lessons from South Asian Experiences by Nagesh Kumar; 17. Trade, Growth and Poverty in South Asia by Keshab Bhattarai; 18. Impact of South Asia on Global Institutions: Economic and Social Perspectives by Shandre M. Thangavelu and Sanja S. Pattnayak Part 6: Environmental Issues; 19. State of Environment in South Asia by K.V. Bhanu Murthy; 20. Climate Change Mitigation Strategies in South Asia by Vijay P. Ojha.
650 _a1. Economic Policy - Conditions - South Asia
700 _a
_a
942 _2ddc
_cBK